000 01029nam0a22002891 4500
001 rc\3010304
005 20250806201012.0
035 _a(NLR Aleph) 007152881
090 _a4672
_c4672
100 _a20110923d1942 u y0rusy50 ca
101 1 _arus
_cger
102 _aRU
105 _aa z |||||
200 1 _aФизика полета
_fК. Шютт
_gПер. с немец. Г.А. Вольперта
205 _a2-е изд., испр. и доп. по 7-му немец. изд.
210 _aМосква
_cГос. изд-во техн.-теорет. лит-ры
_d1942
_eСвердловск
_gтип. НКФ СССР
215 _a235 с.
_cил., черт.
_d18 см
320 _aПредм. указатель: с. 232-35
700 1 _aШютт
_bК.
702 1 _aВольперт
_bГ.А.
_4730
801 0 _aRU
_bNLR
_gpsbo
801 1 _aRU
_bELAR
_2rusmarc
852 _aNLR
_jМх02 Г-3/10
942 _cBOOK
945 _aРоссийская национальная библиотека
980 _aNB
980 _aBV